000 00539cam a22002171 4500
001 sa 65008078
003 DLC
005 20260227112153.0
008 840418s1962 xx 000 0 sano
010 _asa 65008078
035 _a(OCoLC)16763523
040 _aDLC
_cOrPS
_dDLC
042 _apremarc
050 0 0 _aPK3595
_b.U6
100 1 _aUpadhyay, Ramji,
_d1920-
_eed.
245 1 0 _aSaṃskṛta sūktiratnākara.
260 _c[1962]
300 _a2, 2, 193 p.
_c18 cm.
500 _aRomanized.
650 0 _aSanskrit literature.
999 _c65539
_d65539